Plays for Malaysian schools : The special offer

Bibliographic Details
Main Author: Kumara Velu
Format: Book
Published: Selangor : Sama Publications , 2004
Series:Theatre-in-education
Subjects:

MARC

LEADER 00000cam a2200000 7i4500
001 0000004849
005 20151222.0
008 070731
020 |a 9679389081(set) 
020 |a 9679389146 
090 0 0 |a JF   |b NS ENG (6034) 
100 0 |a Kumara Velu 
245 1 0 |a Plays for Malaysian schools :   |b The special offer   |c Kumara Velu 
260 |a Selangor :   |b Sama Publications ,   |c 2004 
440 |a Theatre-in-education 
500 |a Children ages 7-9 years old (orange) 
650 0 |a Rhymes   |x Fiction 
999 |a 0000858427   |b Book   |c Children Collection   |e Cawangan Tmn. Ungku Tun Aminah 
999 |a 0000921689   |b Book   |c Children Collection   |e Cawangan Bukit Gambir 
999 |a 0000921690   |b Book   |c Children Collection   |e Cawangan Bukit Gambir 
999 |a 0000930560   |b Book   |c Children Collection   |e Cawangan Tangkak 
999 |a 0000930561   |b Book   |c Children Collection   |e Cawangan Tangkak 
999 |a 0000930562   |b Book   |c Children Collection   |e Cawangan Tangkak 
999 |a 0000977023   |b Book   |c Children Collection   |e Cawangan Taman Universiti 
999 |a 0001055015   |b Book   |c Children Collection   |e Cawangan Bukit Gambir